Arcanismo anti-galico, o Margarita mercurial / (Registro nro. 165856)
[ vista simple ]
| 000 -LEADER | |
|---|---|
| campo de control de longitud fija | 01269nam a2200313 i 4500 |
| 001 - NÚMERO DE CONTROL | |
| campo de control | 165856 |
| 003 - IDENTIFICADOR DE NÚMERO DE CONTROL | |
| campo de control | ES-MaACL |
| 005 - FECHA Y HORA DE LA ÚLTIMA TRANSACCIÓN | |
| campo de control | 20251017063110.0 |
| 008 - DATOS DE LONGITUD FIJA--INFORMACIÓN GENERAL | |
| campo de control de longitud fija | 831115s1721 sp p |||| | spa d |
| 040 ## - FUENTE DE CATALOGACIÓN | |
| Centro catalogador/agencia de origen | CAT |
| Lengua de catalogación | spa |
| Centro/agencia transcriptor | CAT |
| Centro/agencia modificador | CCPB |
| 080 ## - NÚMERO DE LA CLASIFICACIÓN DECIMAL UNIVERSAL | |
| Número de la Clasificación Decimal Universal | 61"17" |
| 100 1# - ENTRADA PRINCIPAL--NOMBRE DE PERSONA | |
| Nombre de persona | Suárez de Ribera, Francisco, |
| Fechas asociadas al nombre | ca. 1686-ca. 1738 |
| 9 (RLIN) | 132975 |
| 245 10 - MENCIÓN DEL TÍTULO | |
| Título | Arcanismo anti-galico, o Margarita mercurial / |
| Mención de responsabilidad, etc. | su autor el Doctor D. Francisco Suárez de Ribera... |
| 260 ## - PUBLICACIÓN, DISTRIBUCIÓN, ETC. | |
| Lugar de publicación, distribución, etc. | En Madrid : |
| Nombre del editor, distribuidor, etc. | en la Imp. de Juan de Ariztia : |
| -- | a costa de Francisco Laso, véndese en su casa, |
| Fecha de publicación, distribución, etc. | 1721. |
| 300 ## - DESCRIPCIÓN FÍSICA | |
| Extensión | [92], 256, [16] p. ; |
| Dimensiones | 4º (22 cm) |
| 500 ## - NOTA GENERAL | |
| Nota general | Índice. |
| 510 4# - NOTA DE CITAS O REFERENCIAS BIBLIOGRÁFICAS | |
| Nombre de la fuente | Palau 324.066 |
| 530 ## - NOTA DISPONIBLE DE FORMULARIO FÍSICO ADICIONAL | |
| Nota de formato físico adicional disponible | Disponible en formato digital. |
| 597 ## - NOTA DE DESCRIPCIÓN FÍSICA | |
| NOTA DE DESCRIPCIÓN FÍSICA | Sign.: [calderón]-[5 calderones]8, [6 calderones]6, A-R8. |
| 597 ## - NOTA DE DESCRIPCIÓN FÍSICA | |
| NOTA DE DESCRIPCIÓN FÍSICA | 34 líneas, caja 168 x 97 mm, apostillas y reclamos. |
| 597 ## - NOTA DE DESCRIPCIÓN FÍSICA | |
| NOTA DE DESCRIPCIÓN FÍSICA | Port. con orla tip. y viñetas. |
| 650 04 - PUNTO DE ACCESO ADICIONAL DE MATERIA--TÉRMINO DE MATERIA | |
| Término de materia o nombre geográfico como elemento de entrada | Medicina- |
| Subdivisión cronológica | S.XVIII. |
| 9 (RLIN) | 14918 |
| 700 1# - ENTRADA AGREGADA--NOMBRE PERSONAL | |
| Nombre de persona | Ariztia, Juan de. |
| 9 (RLIN) | 125703 |
| 700 1# - ENTRADA AGREGADA--NOMBRE PERSONAL | |
| Nombre de persona | Laso, Francisco. |
| 9 (RLIN) | 128722 |
| 752 ## - ENTRADA AGREGADA--NOMBRE JERÁRQUICO DEL LUGAR | |
| País o entidad superior | España - |
| Ciudad | Madrid |
| 852 ## - LOCALIZACIÓN | |
| Ubicación | ES-MaACL |
| Número de control de estantería | R-1428 |
| Nota libre | - Enc. perg. |
| Signatura antigua | -- Olim: G-15506 |
| 856 ## - LOCALIZACIÓN Y ACCESO ELECTRÓNICOS | |
| Identificador Uniforme de Recursos | <a href="http://bdh-rd.bne.es/viewer.vm?id=0000102253&page=1 ">http://bdh-rd.bne.es/viewer.vm?id=0000102253&page=1 </a> |
| Nota pública | Biblioteca Digital Hispánica |
| Estatus retirado | Estado de pérdida | Estado de daño | No para préstamo | Colección | Biblioteca de origen | Biblioteca actual | Ubicación en estantería | Fecha de adquisición | Fuente de adquisición | Total de préstamos | Signatura topográfica completa | Código de barras | Visto por última vez | Precio de reemplazo | Tipo de ítem Koha |
|---|---|---|---|---|---|---|---|---|---|---|---|---|---|---|---|
| Colección digital | Biblioteca del Ateneo de Madrid | Biblioteca del Ateneo de Madrid | Depósito | 17/01/2008 | R-1428 | 1173934 | 23/02/2023 | 23/02/2023 | Libro impreso antiguo |
